000 00576nam a2200181Ia 4500
008 151018s9999 xx 000 0 und d
082 _bRBASDV53900
_a891.463
100 _aसंजय सोनवणी
245 _aआणि पानिपत
250 _b1
260 _b"प्राजक्त प्रकाशन, पुणे "
_c2010
300 _a472
600 _aसंजय सोनवणी
630 _aआणि पानिपत
700 _aसंजय सोनवणी
730 _aआणि पानिपत
942 _cBOOK
999 _c1051695
_d1051692